| 000 | 01298nac a22003131u 4500 | ||
|---|---|---|---|
| 010 | _a 2006299784 | ||
| 020 | _a052183855X (hbk.) | ||
| 020 | _a9780521838559 (hbk.) | ||
| 020 | _a0521547377 (pbk.) | ||
| 020 | _a9780521547376 (pbk.) | ||
| 035 | _a(OCoLC)ocm70173371 | ||
| 035 | _a(OCoLC)70173371 | ||
| 082 | 0 | 4 |
_a821.8 _bHOL |
| 090 |
_c7117 _d7117 |
||
| 100 | _aHoldeman, David. | ||
| 245 | 1 | 4 |
_aThe Cambridge introduction to W.B. Yeats / _cDavid Holdeman. |
| 246 | 3 | 0 | _aIntroduction to W.B. Yeats |
| 260 |
_aCambridge, UK ; _aNew York : _bCambridge University Press,2006 _c2006. |
||
| 300 |
_axii, 148 p. ; _c24 cm. |
||
| 490 | 0 | _aCambridge introductions to literature | |
| 500 | _adistributed by: Al-Ahram | ||
| 504 | _aIncludes bibliographical references (p. 134-136) and index. | ||
| 511 | _acatalogued by: wessam | ||
| 600 | 1 | 0 |
_aYeats, W. B. _d1865-1939 _xCriticism and interpretation. |
| 856 | 4 | 2 |
_3Publisher description _uhttp://www.loc.gov/catdir/enhancements/fy0618/2006299784-d.html |
| 856 | 4 | 2 |
_3Table of contents only _uhttp://www.loc.gov/catdir/enhancements/fy0618/2006299784-t.html |
| 856 | 4 | 2 |
_3Contributor biographical information _uhttp://www.loc.gov/catdir/enhancements/fy0733/2006299784-b.html |
| 942 |
_cBB _k821.8YEA |
||
| 999 |
_c7117 _d7117 |
||